000 00300nam a2200121Ia 4500
008 190216s9999||||xx |||||||||||||| ||und||
100 _aSheth C S
245 0 _aTheory And Practice Of Public Finance
260 _bHimalaya Publishing House
_c1982
300 _a240p
650 _aEconomics
942 _cBK
999 _c9614
_d9614